Mahatma Gandhi :An Autobiography (Record no. 48793)

MARC details
000 -LEADER
fixed length control field 00400nam a2200157Ia 4500
008 - FIXED-LENGTH DATA ELEMENTS--GENERAL INFORMATION
fixed length control field 220805s9999 xx 000 0 und d
020 ## - INTERNATIONAL STANDARD BOOK NUMBER
International Standard Book Number 978-81-7229-008-5
041 ## - LANGUAGE CODE
Language code of text/sound track or separate title eng
082 ## - DEWEY DECIMAL CLASSIFICATION NUMBER
Classification number 923.254
100 ## - MAIN ENTRY--PERSONAL NAME
Personal name Gandhi,M.K.
9 (RLIN) 88672
260 ## - PUBLICATION, DISTRIBUTION, ETC. (IMPRINT)
Place of publication, distribution, etc. Ahmedabad
Name of publisher, distributor, etc. Navseevan publication
Date of publication, distribution, etc. 2013
245 ## - TITLE STATEMENT
Title Mahatma Gandhi :An Autobiography
250 ## - EDITION STATEMENT
Edition statement 1
300 ## - PHYSICAL DESCRIPTION
Extent 463
650 ## - SUBJECT ADDED ENTRY--TOPICAL TERM
Topical term or geographic name as entry element Autobiography
9 (RLIN) 88673
Holdings
Withdrawn status Lost status Damaged status Not for loan Collection code Home library Current library Date acquired Vendor Cost, normal purchase price Full call number Barcode Date last seen Bill Date Koha item type Original Barcode
          Manilal Nanavati Vocational Training Institute Pune Manilal Nanavati Vocational Training Institute Pune 09/08/2022 Donated 50.00 923.254/GAN/DB1424 MNVT-DB-1424 09/08/2022 09/08/2022 Donated Book DB1424